Systematische Sicht des christlichen Heils- und Wahrheitsanspruchs
| Main Author: | |
|---|---|
| Format: | Print Article |
| Language: | Undetermined language |
| Check availability: | HBZ Gateway |
| Interlibrary Loan: | Interlibrary Loan for the Fachinformationsdienste (Specialized Information Services in Germany) |
| Published: |
1996
|
| In: |
Christlicher Glaube in multireligiöser Gesellschaft
Year: 1996, Pages: 196-210 |
| Further subjects: | B
Dialogue
B Kingdom of God B World Religions B Weltreligionen B escatology B Neues Testament B mission / world mission B Mission (international law / Weltmission B Christianity B Kingdom of God (motif) B Eschatology B New Testament |
MARC
| LEADER | 00000caa a22000002c 4500 | ||
|---|---|---|---|
| 001 | 597207976 | ||
| 003 | DE-627 | ||
| 005 | 20220916100657.0 | ||
| 007 | tu | ||
| 008 | 090404s1996 xx ||||| 00| ||und c | ||
| 020 | |a 3858240788 | ||
| 035 | |a (DE-627)597207976 | ||
| 035 | |a (DE-599)GBV597207976 | ||
| 040 | |a DE-627 |b ger |c DE-627 |e rakwb | ||
| 084 | |a 0 |2 ssgn | ||
| 100 | 1 | |a Peter, Anton |4 aut | |
| 245 | 1 | 0 | |a Systematische Sicht des christlichen Heils- und Wahrheitsanspruchs |c Anton Peter |
| 264 | 1 | |c 1996 | |
| 336 | |a Text |b txt |2 rdacontent | ||
| 337 | |a ohne Hilfsmittel zu benutzen |b n |2 rdamedia | ||
| 338 | |a Band |b nc |2 rdacarrier | ||
| 650 | 4 | |a Reich Gottes | |
| 650 | 4 | |a Eschatologie | |
| 650 | 4 | |a Neues Testament | |
| 650 | 4 | |a Mission/Weltmission | |
| 650 | 4 | |a Dialog | |
| 650 | 4 | |a Christentum | |
| 650 | 4 | |a Weltreligionen | |
| 650 | 4 | |a Kingdom of God | |
| 650 | 4 | |a escatology | |
| 650 | 4 | |a New Testament | |
| 650 | 4 | |a mission/world mission | |
| 650 | 4 | |a Dialogue | |
| 650 | 4 | |a Christianity | |
| 650 | 4 | |a World Religions | |
| 773 | 0 | 8 | |i In |t Christlicher Glaube in multireligiöser Gesellschaft |d Immensee : Neue Zeitschrift für Missionswissenschaft, 1996 |g (1996), S. 196-210 |h 422 Seiten |w (DE-627)300975600 |w (DE-576)052146227 |z 3858240788 |7 nnam |
| 773 | 1 | 8 | |g year:1996 |g pages:196-210 |
| 951 | |a AR | ||
| ELC | |b 1 | ||
| ITA | |a 1 |t 1 | ||
| ORI | |a SA-MARC-ixtheo_oa001.raw | ||
| REL | |a 1 | ||
| STA | 0 | 0 | |a Christianity,Christian world view,World view,Christian ideology,Dialogue,Dialogue,Dialogue,Dialog,Dialogue,Eschatology,Eschatology,Kingdom of God (motif),Kingdom of God,God's Kingdom,Reign of God,God's reign |
| STB | 0 | 0 | |a Christianisme,Christianisme,Dialogue,Dialogue,Dialogue,Dialogue,Eschatologie,Eschatologie,Royaume de Dieu (motif),Royaume de Dieu |
| STC | 0 | 0 | |a Cristianismo,Cristianismo,Cristiandad,Cristiandad,Cristiandad (Motivo),Cristiandad,Diálogo,Diálogo,Diálogo,Diálogo,Escatología,Escatología,Reino de Dios |
| STD | 0 | 0 | |a Cristianesimo,Cristianesimo,Dialogo,Dialogo,Dialogo,Dialogo,Escatologia,Escatologia,Regno di Dio |
| STE | 0 | 0 | |a 基督教,基督教,基督教世界观,对话,对话,终末论,终末论,末日论,末世论,末日论,末世论 |
| STF | 0 | 0 | |a 基督教,基督教,基督教世界觀,對話,對話,終末論,終末論,末日論,末世論,末日論,末世論 |
| STG | 0 | 0 | |a Cristianismo,Cristianismo,Cristandade,Cristandade,Cristandade (Motivo),Cristandade,Diálogo,Diálogo,Diálogo,Diálogo,Escatologia,Escatologia,Reino de Deus |
| STH | 0 | 0 | |a Диалог (мотив),Диалог (музыка),Диалог (литературный жанр),Диалог,Христианство (мотив),Христианство,Царство Божие,Эсхатология (мотив),Эсхатология |
| STI | 0 | 0 | |a Βασίλειο του Θεού,Διάλογος (μοτίβο),Διάλογος (μουσική),Διάλογος (λογοτεχνικό είδος),Διάλογος,Εσχατολογία (μοτίβο),Εσχατολογία,Χριστιανισμός (μοτίβο),Χριστιανισμός |
| SUB | |a REL | ||
| SYE | 0 | 0 | |a Gottesherrschaft,Gottesreich,Herrschaft Gottes,Himmelreich,Königsherrschaft Gottes,Königsherrschaft Jesu Christi,Königreich Jesu Christi,Königtum Gottes , Letzte Dinge , Mittelstandskongress,Kongress für den Mittelstand,Dialogue , Dialogliteratur,Zwiegespräch,Dialoge,Dialogue,Wechselrede , Christianity,Christliche Mission,Missionierung,Christenheit,Christianitas,Christliche Religion,Christliche Weltanschauung |



